000 00343nam a2200133Ia 4500
008 220217s9999||||xx |||||||||||||| ||und||
020 _a81-7853-021-X
082 _a823 MCC
100 _aMcConnell, Steve
_95296
245 0 _aAfter the gold rush
260 _aWP publishers
_bBangalore
_c2001
300 _b325
650 _aGENERAL BOOKS
999 _c176320
_d176320